Godoy, el fin de la vieja España : (Record no. 131849)

MARC details
000 -LEADER
campo de control de longitud fija 00766nam a2200217 i 4500
001 - NÚMERO DE CONTROL
campo de control 131849
003 - IDENTIFICADOR DE NÚMERO DE CONTROL
campo de control ES-MaACL
005 - FECHA Y HORA DE LA ÚLTIMA TRANSACCIÓN
campo de control 20230906194046.0
007 - CAMPO FIJO DE DESCRIPCIÓN FÍSICA--INFORMACIÓN GENERAL
campo de control de longitud fija t|
008 - DATOS DE LONGITUD FIJA--INFORMACIÓN GENERAL
campo de control de longitud fija 070214s1933 sp r ||||1| spa d
100 1# - ENTRADA PRINCIPAL--NOMBRE DE PERSONA
Nombre de persona Roger Madol, Hans.
9 (RLIN) 98938
245 10 - MENCIÓN DEL TÍTULO
Título Godoy, el fin de la vieja España :
Resto del título el primer dictador de nuestros tiempos /
Mención de responsabilidad, etc. Hans Roger Madol ; traducción del alemán por G. Sans Huelin y M. Sandmann.
260 ## - PUBLICACIÓN, DISTRIBUCIÓN, ETC.
Lugar de publicación, distribución, etc. Madrid :
Nombre del editor, distribuidor, etc. Revista de Occidente,
Fecha de publicación, distribución, etc. 1933.
300 ## - DESCRIPCIÓN FÍSICA
Extensión XI, 251 p., 8 lám. ;
Dimensiones 23 cm.
600 04 - PUNTO DE ACCESO ADICIONAL DE MATERIA--NOMBRE DE PERSONA
Nombre de persona Godoy, Manuel de,
Títulos y otros términos asociados al nombre Príncipe de la Paz
9 (RLIN) 57538
700 1# - ENTRADA AGREGADA--NOMBRE PERSONAL
Nombre de persona Sans Huelin, Guillermo.
9 (RLIN) 103207
700 1# - ENTRADA AGREGADA--NOMBRE PERSONAL
Nombre de persona Sandmann, M.
9 (RLIN) 103099
852 ## - LOCALIZACIÓN
Ubicación ES-MaACL
Número de control de estantería F-15329
852 ## - LOCALIZACIÓN
Ubicación ES-MaACL
Número de control de estantería A-1568
Holdings
Estatus retirado Estado de pérdida Estado de daño No para préstamo Biblioteca de origen Biblioteca actual Ubicación en estantería Fecha de adquisición Fuente de adquisición Total de préstamos Signatura topográfica completa Código de barras Visto por última vez Precio de reemplazo Tipo de ítem Koha
        Biblioteca del Ateneo de Madrid Biblioteca del Ateneo de Madrid Sala Pecera Planta 1 17/01/2008     A-1568 1137265 23/02/2023 23/02/2023 Libro impreso
        Biblioteca del Ateneo de Madrid Biblioteca del Ateneo de Madrid Sala Pecera Planta 2 17/01/2008     F-15329 1137264 23/02/2023 23/02/2023 Libro impreso